Tepelné procesy pri zváraní elektrickým oblúkom /

Guardado en:
Detalles Bibliográficos
Autor principal: Havalda, Andrej (Autor)
Formato: Manuscrito Libro
Publicado: Bratislava : SAV, 1958
Etiquetas: Agregar Etiqueta
Sin Etiquetas, Sea el primero en etiquetar este registro!

MARC

LEADER 00000ntm a22000003a 4500
001 stu47360
005 20150617225659.1
008 ------s1958----cs----------------------d
040 |a STU  |b slo 
041 0
044 |a cs 
080 |a 621.791.75.001 
100 1 |a Havalda, Andrej  |4 aut 
245 1 |a Tepelné procesy pri zváraní elektrickým oblúkom /  |c [aut.] Havalda,Andrej 
260 |a Bratislava :  |b SAV,  |c 1958 
300 |a 227 s 
996 |b 284J002722  |c J*10393/DIZ.  |l JJSK  |s A  |a 24  |w stu47360_0001